00487nam a2200121Ia 4500008004100000100001800041245007100059245011600130260004900246260000900295650001300304856004800317170221s9999 xx 000 0 und d aLuchs, Chris. 3aAn examination of future firm performance and fundamental analysis cChris Luchs, Ball State University; Suneel Maheshwari, Marshall University; Mark Myring, Ball State University. bJournal of Management and Marketing Research c2015 xBusiness uhttp://www.aabri.com/manuscripts/111037.pdf